000
00330pam a2200145 a 4500
020
_c
041
_a
eng
082
_a
547.59
_b
JOU
100
_a
Joule JA .,
_e
Mills K .
245
_a
Heterocyclic Chemistry
_h
Textual Documents
250
_a
2010.
260
_a
[s.l]:
_b
Wiley And Scns LTD
300
_a
689 pg .
930
_a
8984
999
_c
85890
_d
85890